000 00479nmm a2200169Ia 4500
008 251105s9999||||xx |||||||||||||||||und||
020 _a9788467506068
041 _aspa
100 _aCasalderrey, Fina
245 0 _aÚltima carta a los Reyes Magos
264 _a[Madrid, España] :
_bGrupo SM,
_c2008
300 _a59 páginas
490 _aEl Barco de Vapor Azul
650 _aAges 9-12 Years Old
856 _uhttps://public.digitaliapublishing.com/a/98887
942 _cCF
999 _c83740
_d83740